Geomundo : septiembre 1991 /

Gorde:
Xehetasun bibliografikoak
Beste egile batzuk: Mendoza, Elvira (dirección) (dirección)
Formatua: Liburua
Hizkuntza:gaztelania
Argitaratua: México : Editorial América, 1991, c1991
Gaiak:
Etiketak: Etiketa erantsi
Etiketarik gabe, Izan zaitez lehena erregistro honi etiketa jartzen!

MARC

LEADER 00000nam^a2200000^a^4500
001 000094733
005 20250521000000.0
009 20260310092844.957
022 |a 0256-7253 
037 |a Acervo ITESO - Biblioteca 
041 |a ESP 
082 |a 900. 5  |b GEO 1991 V. 15 T. 9 
240 1 1 |a [Geomundo] 
245 1 0 |a Geomundo :  |b septiembre 1991 /  |c Dir. de E. Mendoza. 
264 4 |a México :  |b Editorial América,  |c 1991, c1991 
300 |a p. 242-322 
336 |a texto  |b txt  |2 rdacontenido 
337 |a sin mediación  |b n  |2 rdamedio 
338 |a volumen  |b nc  |2 rdasoporte 
649 |a XX 
650 |a Geografía -  |x Publicaciones Periódicas Mexicanas 
650 |a Nueva Inglaterra, EUA -  |x Descripción 
650 |a Turquía -  |x Descripción 
650 |a Jaipur, India -  |x Descripción 
650 |a Ritos Nupciales -  |z Jaipur, India 
650 |a Prácticas Culturales -  |z Jaipur, India 
650 |a Goethe, Johann Wolfgang 
650 |a Arquitectos Mexicanos 
650 |a Arquitectura 
650 |a Fauna -  |z Panamá 
650 |a Fotografía 
700 |a Mendoza, Elvira  |e (dirección) 
910 |a Fondo Jesús Rodríguez 
920 |a Impresos - Libros 
930 |a Fondos Especiales 
905 |a 113 
901 |a 0500029811  |b IT2  |c ESP  |u 20250521 
902 |a https://opac.biblio.iteso.mx/vufind/Record/000094733